|
|
|
|
| LEADER |
01714cas a2200253 a 4500 |
| 001 |
AALejournalIMF018513 |
| 008 |
230101c9999 xx r poo 0 0eng d |
| 020 |
|
|
|c 5.00 USD
|
| 020 |
|
|
|z 9781484361610
|
| 022 |
|
|
|a 1018-5941
|
| 040 |
|
|
|a BD-DhAAL
|c BD-DhAAL
|
| 100 |
1 |
|
|a Hong, Gee Hee.
|
| 245 |
1 |
0 |
|a Pushed Past the Limit? :
|b How Japanese Banks Reacted to Negative Interest Rates /
|c Gee Hee Hong, John Kandrac.
|
| 264 |
|
1 |
|a Washington, D.C. :
|b International Monetary Fund,
|c 2018.
|
| 300 |
|
|
|a 1 online resource (50 pages)
|
| 490 |
1 |
|
|a IMF Working Papers
|
| 500 |
|
|
|a <strong>Off-Campus Access:</strong> No User ID or Password Required
|
| 500 |
|
|
|a <strong>On-Campus Access:</strong> No User ID or Password Required
|
| 506 |
|
|
|a Electronic access restricted to authorized BRAC University faculty, staff and students
|
| 520 |
3 |
|
|a In this paper, we investigate how negative interest rate policy (NIRP) introduced in January 2016 by the Bank of Japan (BoJ) affected Japanese banks' lending and risk taking behavior. The BoJ's announcement was an unexpected surprise to the market and was followed by a sharp drop in equity prices of Japanese financial firms. We exploit the cross-sectional variation in the change of share prices on the day of the announcement to measure banks' differential exposure to NIRP. We show that more exposed banks increased their credit and took on more risk compared to banks that were less exposed to negative rates.
|
| 538 |
|
|
|a Mode of access: Internet
|
| 700 |
1 |
|
|a Kandrac, John.
|
| 830 |
|
0 |
|a IMF Working Papers; Working Paper ;
|v No. 2018/131
|
| 856 |
4 |
0 |
|z Full text available on IMF
|u http://elibrary.imf.org/view/journals/001/2018/131/001.2018.issue-131-en.xml
|z IMF e-Library
|